Noventa por ciento de todo : la industria invisible que te viste, te llena el depósito de gasolina y pone comida en tu plato /

Obra que presenta un panorama de las condiciones laborales y sociales de los marineros a bordo de los buques mercantes cargados de contenedores en el que transportan diversos tipos de mercancías, así como las operaciones logísticas que se realizan con las mismas.

I tiakina i:
Ngā taipitopito rārangi puna kōrero
Kaituhi matua: George, Rose (autor)
Hōputu: Pukapuka
Reo:Pāniora
I whakaputaina: Madrid, España : Capitán Swing, 2014, c2014
Ngā marau:
Ngā Tūtohu: Tāpirihia he Tūtohu
Kāore He Tūtohu, Me noho koe te mea tuatahi ki te tūtohu i tēnei pūkete!

MARC

LEADER 00000nam^a2200000^a^4500
001 000350854
005 20250521000000.0
009 20260310114955.114
020 |a 978-84-942213-5-4 
037 |a Acervo ITESO - Biblioteca 
041 |a ESP 
082 |a 387. 51  |b GEO 
100 |a George, Rose  |e (autor) 
245 1 0 |a Noventa por ciento de todo :  |b la industria invisible que te viste, te llena el depósito de gasolina y pone comida en tu plato /  |c R. George ; tr. por Juan A. García Román. 
264 4 |a Madrid, España :  |b Capitán Swing,  |c 2014, c2014 
300 |a 294 p. 
336 |a texto  |b txt  |2 rdacontenido 
337 |a sin mediación  |b n  |2 rdamedio 
338 |a volumen  |b nc  |2 rdasoporte 
520 |a Obra que presenta un panorama de las condiciones laborales y sociales de los marineros a bordo de los buques mercantes cargados de contenedores en el que transportan diversos tipos de mercancías, así como las operaciones logísticas que se realizan con las mismas. 
649 |a XX 
650 |a Marinos -  |x Condiciones Laborales 
650 |a Marinos -  |x Condiciones Sociales y Culturales 
650 |a Vida en el Mar 
650 |a Embarque de Mercancías -  |x Tema Principal 
650 |a Traslado de Mercancías 
650 |a Barcos Mercantes 
650 |a Transporte de Carga 
650 |a Transporte Marítimo -  |x Tema Principal 
650 |a Sistema de Transporte -  |x Aspectos Económicos -  |x Tema Principal 
650 |a Contenedores (Transporte) 
650 |a Comercio Internacional 
650 |a Ciencias Administrativas 
650 |a Economía 
910 |a Fondo General 
920 |a Impresos - Libros 
930 |a Colección General 
905 |a 101 
901 |a 0500241543  |b IT1  |c ACC  |i C142794  |u 20250521 
902 |a https://opac.biblio.iteso.mx/vufind/Record/000350854